The omnipresent debate : empiricism and transcendentalism in nineteenth-century English prose /

Bibliographic Details
Main Author: Harris, Wendell V.
Format: Book
Language:English
Published: DeKalb : Northern Illinois University Press, [1981]
Subjects:

MARC

Tag First Indicator Second Indicator Subfields
LEADER 00000pam a2200000 a 4500
001 in00000072763
005 20151008054622.0
008 810310s1981 ilu b s001 0 eng
010 |a  80008663  
020 |a 0875800769 
035 |a (OCoLC)07275080 
035 |9 AAJ1183AM 
040 |a DLC  |c DLC  |d TXA  |d UtOrBLW 
043 |a e-uk--- 
049 |a TXAM  |c [1442359] 
050 0 0 |a PR778.P55  |b H3 1981 
082 0 |a 828/.8/08  |2 19 
100 1 |a Harris, Wendell V. 
245 1 4 |a The omnipresent debate :  |b empiricism and transcendentalism in nineteenth-century English prose /  |c Wendell V. Harris. 
264 1 |a DeKalb :  |b Northern Illinois University Press,  |c [1981] 
264 4 |c ©1981 
300 |a xi, 378 pages ;  |c 24 cm. 
336 |a text  |b txt  |2 rdacontent 
337 |a unmediated  |b n  |2 rdamedia 
338 |a volume  |b nc  |2 rdacarrier 
500 |a Includes index. 
504 |a Bibliography: pages 361-369. 
536 |a From the Library of Harrison T. Meserole, 2002. 
650 0 |a English prose literature  |y 19th century  |x History and criticism. 
650 0 |a Philosophy, English  |y 19th century. 
650 0 |a Empiricism. 
650 0 |a Transcendentalism. 
999 |a MARS 
999 f f |s d58bfe99-e10d-3820-a88f-35195cc3887c  |i 24e54d51-f521-3d6e-a7f5-ad2292e5534e  |t 0 
952 f f |p ric  |a Texas A&M University  |b Rellis Campus  |c Joint Library Facility  |d Remote Storage  |t 0  |e PR778.P55 H3 1981  |h Library of Congress classification  |i unmediated -- volume  |m A14829935449 
952 f f |p normal  |a Texas A&M University  |b College Station  |c Sterling C. Evans Library  |d Evans: Library Stacks  |t 0  |e PR778.P55 H3 1981  |h Library of Congress classification  |i unmediated -- volume  |m A14806183243 
998 f f |a PR778.P55 H3 1981  |t 0  |l Remote Storage 
998 f f |a PR778.P55 H3 1981  |t 0  |l Evans: Library Stacks